Click a Car's Country Quiz Stats

 Plays Quiz not verified by Sporcle

Challenge
Share
Tweet
Score 0/10 Timer 01:00
0 Plays Today
% Correct
USA
96.2%
Japan
90.6%
Italy
88.2%
UK
79.7%
Sweden
79.7%
Germany
74.8%
South Korea
70.4%
India
67.9%
Spain
65.1%
France
40.2%

You're not logged in!

Compare scores with friends on all Sporcle quizzes.
Join for Free
OR
Log In

You Might Also Like...

Show Comments

Extras

Top Quizzes Today


Score Distribution

Your Account Isn't Verified!

In order to create a playlist on Sporcle, you need to verify the email address you used during registration. Go to your Sporcle Settings to finish the process.

Report this User

Report this user for behavior that violates our Community Guidelines.

Details: